000
00237nam a22000857a 4500
008
160912b xxu||||| |||| 00| 0 eng d
100
_9
409
_a
Educational Development
245
_a
Big book of Experiment
260
_a
USA
_b
Oklahan publication
_c
1996
999
_c
3067
_d
3067